Normal view
MARC view
Entry Personal Name
001 - CONTROL NUMBER
- control field: 1041942
003 - CONTROL NUMBER IDENTIFIER
- control field: OSt
005 - DATE AND TIME OF LATEST TRANSACTION
- control field: 20260121161235.0
008 - FIXED-LENGTH DATA ELEMENTS
- fixed length control field: 260121|| aca||aabn | a|a d
040 ## - CATALOGING SOURCE
- Original cataloging agency: OSt
- Transcribing agency: OSt
100 ## - HEADING--PERSONAL NAME
- Personal name: Jan Kloppenborg Møller; Marcel Schweiker; Rune Korsholm Andersen; Burak Gunay; Verena Marie Barthelmes; Selin Yilmaz; Henrik Madsen
670 ## - SOURCE DATA FOUND
- Source citation: Work cat.: (OSt)1608758: Jan Kloppenborg Møller; Marcel Schweiker; Rune Korsholm Andersen; Burak Gunay; Verena Marie Barthelmes; Selin Yilmaz; Henrik Madsen, Statistical Modelling of Occupant Behaviour:
